Vermont Geography Quiz - Sudden Death - Statistics

General Stats
  • This quiz has been taken 154 times
  • The average score is 14 of 20
Answers on the Grid
Answers color-coded by a green-red scale on the quiz's grid according to % correct below.
Acadia National Park
Appalachian Mountains
Appalachian Trail
Bennington
Binghamton
Brattleboro
Buffalo
Burlington
Calvin Coolidge Homestead
Camel's Hump Mountain
Cape Cod
Chester A. Arthur State Historic Site
Cleveland
Colchester
Connecticut River
Delaware Water Gap
Erie Canal
Essex
Finger Lakes
Green Mountains
Gulf of Maine
Killington Peak
Lake Champlain
Lake Ontario
Lewis and Clark National Historic Trail
Long Island
Martha's Vineyard
Montpelier
Mount Mansfield
Nantucket
Niagara Falls
Oregon National Historic Trail
Princeton University
Robert Frost Farm
Rutland
Shenandoah Valley National Park
St. Lawrence River
Taconic Mountains
Vermont Piedmont
White Mountains
 
Answer Stats
Answer % Correct
Burlington
89%
Green Mountains
87%
Montpelier
83%
Bennington
79%
Calvin Coolidge Homestead
79%
Lake Champlain
77%
Appalachian Trail
73%
Brattleboro
73%
Rutland
73%
Vermont Piedmont
70%
Mount Mansfield
69%
Appalachian Mountains
66%
Essex
66%
Camel's Hump Mountain
64%
Colchester
63%
Killington Peak
61%
Robert Frost Farm
61%
Chester A. Arthur State Historic Site
60%
Connecticut River
60%
Taconic Mountains
36%
No matching quizzes found
Score Distribution
Percent of People with Each Score
Percentile by Number Answered
Your Score History
You have not taken this quiz